| 000 | 00342nam a22001457a 4500 | ||
|---|---|---|---|
| 082 | _aP-136 | ||
| 100 |
_aShahid Syn no. 1 _947829 |
||
| 245 |
_aOver Head Water Tank _cShahid, Zia. |
||
| 260 |
_aRisalpur. _bMCE. _cc2000. |
||
| 300 | _a106 p. | ||
| 526 |
_a0 _b0 _c0 _dP_136 |
||
| 650 | _aProject. | ||
| 700 |
_aIqbal _917522 |
||
| 942 |
_2ddc _cBK |
||
| 999 |
_c550948 _d550948 |
||